00827nam a22003017a 450000500170000000800420001702000150005904100080007408200170008210000270009924500530012626000130017926000100019226000090020230000170021149000470022865000220027565000260029765000270032365000280035065000160037865000180039465000140041265000340042694200130046099900170047395200350049020251126111440.0220509b2002 xxu||||| |||| 00| 0 spa d a8479535288 aESP a658.406 J66q aJohnson, Spencer94295 a¿Quién se ha llevado mi queso? para jóvenes aMéxico bUrano c2003 a94 páginas aDirección y Administración de Empresas aMANEJO DEL CAMBIO aENTORNOS COMPETITIVOS aADAPTACIÓN AL CAMBIO aDIRECCIÓN DE EMPRESAS aNARRACIÓN aSUPERVIVENCIA aLIDERAZGO aCOMPORTAMIENTO ORGANIZACIONAL cLIT2ddc c13369d13369 o 658.406 J66qp10318xDAEyLIT